|
|
|
|
| LEADER |
00000nam0a2200000 4500 |
| 001 |
71690 |
| 005 |
20231101212610.0 |
| 010 |
|
|
|a 5231002894
|
| 035 |
|
|
|a (RuTPU)RU\TPU\book\76418
|
| 090 |
|
|
|a 71690
|
| 100 |
|
|
|a 20041223d2003 m y0rusy50 ca
|
| 101 |
0 |
|
|a rus
|
| 102 |
|
|
|a RU
|
| 105 |
|
|
|a a j 001zy
|
| 200 |
1 |
|
|a Ремонт оборудования атомных станций
|e учебное пособие
|f О. Л. Ташлыков
|g Уральский государственный технический университет; Под ред. С. Е. Щеклеина
|
| 210 |
|
|
|a Екатеринбург
|c Изд-во УрТУ
|d 2003
|
| 215 |
|
|
|a 319 с.
|c ил.
|
| 320 |
|
|
|a Библиогр.: с. 316-318.
|
| 320 |
|
|
|a Список сокращений: с. 314-315.
|
| 330 |
|
|
|a Рассмотрены вопросы планирования и организации ремонта систем и оборудования атомных станций, основные неисправности парогенераторного оборудования энергоблоков АС и пути их устранения, особенности ремонтного обслуживания реакторного, тепломеханического и электротехнического оборудования, обеспечения безопасности ремонтных работ. Особое внимание уделено вопросам оптимизации ремонтных работ с учетом дозовых затрат персонала, в том числе подготовке персонала, обеспечению качества технического обслуживания и ремонта оборудования АС. Для студентов вузов всех форм обучения по специальности 1010 «Атомные электрические станции и установки», специалистов, занимающихся техническим обслуживанием и ремонтом оборудования АС.
|
| 606 |
1 |
|
|a Атомные электрические станции
|x Теплосиловое оборудование
|x Надежность
|2 stltpush
|3 (RuTPU)RU\TPU\subj\29767
|9 53031
|
| 610 |
1 |
|
|a атомные станции
|
| 610 |
1 |
|
|a АЭС
|
| 610 |
1 |
|
|a системы
|
| 610 |
1 |
|
|a ремонт
|
| 610 |
1 |
|
|a техническое обслуживание
|
| 610 |
1 |
|
|a планирование
|
| 610 |
1 |
|
|a парогенераторы
|
| 610 |
1 |
|
|a ядерные реакторы
|
| 610 |
1 |
|
|a водо-водяные энергетические реакторы
|
| 610 |
1 |
|
|a качество
|
| 610 |
1 |
|
|a ремонтный персонал
|
| 610 |
1 |
|
|a безопасность
|
| 610 |
1 |
|
|a ремонтные работы
|
| 610 |
1 |
|
|a оптимизация
|
| 610 |
1 |
|
|a учебные пособия
|
| 675 |
|
|
|a 621.311.25:621.039.002.5(075.8)
|v 3
|
| 700 |
|
1 |
|a Ташлыков
|b О. Л.
|g Олег Леонидович
|
| 702 |
|
1 |
|a Щеклеин
|b С. Е.
|4 340
|
| 712 |
0 |
2 |
|a Уральский государственный технический университет
|2 stltpush
|3 (RuTPU)RU\TPU\col\1041
|
| 801 |
|
1 |
|a RU
|b 63413507
|c 20041223
|g PSBO
|
| 801 |
|
2 |
|a RU
|b 63413507
|c 20160119
|g PSBO
|
| 900 |
|
|
|a Атомные электростанции
|
| 942 |
|
|
|c BK
|
| 951 |
|
|
|a 551700
|b 101000
|
| 959 |
|
|
|a 183/20041223
|d 10
|e 350
|f НФ:10
|